| 000 | 00947nac a22003011i 4500 | ||
|---|---|---|---|
| 003 | EG-ScBUE | ||
| 005 | 20260330092844.0 | ||
| 008 | 260314t2003 ua a f bd 001 0 eng d | ||
| 020 | _a9774248090 | ||
| 020 | _a9789774248092 | ||
| 040 |
_aEG-ScBUE _beng _erda _cEG-ScBUE _dEG-ScBUE |
||
| 043 | _af-ua--- | ||
| 082 | 0 | 4 |
_a591.962 _bHOA _222 |
| 100 | 1 |
_aHoath, Richard, _eauthor. |
|
| 245 | 1 | 2 |
_aA field guide to the mammals of Egypt / _cRichard Hoarth. |
| 264 | 1 |
_aCairo : _bThe American University In Cairo Press, _c[2003] |
|
| 264 | 4 | _cc2003 | |
| 300 |
_axv, 236 Pages : _billustrations ; _c21 cm |
||
| 336 |
_2rdacontent _atext _btxt |
||
| 337 |
_aunmediated _2rdamedia _bn |
||
| 338 |
_avolume _bnc _2rdacarrier |
||
| 500 | _aIllustrations by the author. | ||
| 500 | _aIncludes glossary. | ||
| 504 | _aIncludes bibliographical references and index. | ||
| 650 | 7 |
_aMammals _zEgypt. _2BUEsh |
|
| 655 | _vReading book | ||
| 942 |
_cBB _2ddc |
||
| 999 |
_c2574 _d2574 |
||